Les régions de Corse - Statistiques

Statistiques générales
  • Ce quiz a été pris 89 fois
    86 depuis la dernière actualisation
  • Le résultat moyen est 6 sur 21
Statistiques - réponses
Par images Hint Réponse % Correct
CAPU CORSU
93%
BALAGNA
83%
CASTAGNICCIA
48%
NEBBIU
37%
ALTA ROCCA
35%
NIOLU
35%
CENTRU CORSU CURTINESE
33%
FIUMORBU
30%
PAESI BASTIACCIU (Grand Bastia)
28%
Si trova Sartè ROCCA (Sartinese/Valincu)
26%
Una costa di culori COSTA VERDE
24%
TÀRAVU
24%
CASINCA
22%
EXTRÊME SUD
22%
Duve sò sbarcati i rumani PIANA URIENTALE
17%
'ssa regione si chjama cum'è u so fiumicellu GRAVONA
15%
DUI SORRU
13%
DUI SEVI
11%
PAESI AIACCINU
11%
Si trova Carghjese CRUZINI CINARCA
7%
'ssa regione si chjama cum'è u so fiume PRUNELLI
7%
Aucun quiz correspondant
Distribution des résultats
% des personnes avec chaque résultat
Percentile par nombre de réponses
Votre historique - résultats
Vous n’avez pas pris ce quiz depuis la dernière actualisation